Rückblick 2021 - Länder zuordnen (Afrika) - Statistiken

Allgemein
  • Dieses Quiz wurde 25 mal gespielt
  • Das Durchschnittsergebnis liegt bei 5 aus 15
Antwortstatistiken
Hint Antwort % Korrekt
Das Containerschiff "Ever Given" blockiert einen Monat lang einen für die Wirtschaft wichtigen Kanal. Ägypten
91%
Deutschland und dieses Land einigen sich auf eine Wiedergutmachung für den deutschen Völkermord an den Herero und Nama. Namibia
64%
In Teilen des Landes kommt es nach der Verhaftung des ehemaligen Präsidenten Jacob Zuma zu Unruhen und Plünderungen. Südafrika
59%
Mit 4 Gold- und 4 Silbermedaillen ist dieses Land das erfolgreichste Afrikas bei den Olympischen Spielen. Kenia
50%
Das einzige Land, das nicht an der Afrikanischen Freihandelszone teilnimmt. Eritrea
41%
Dieses Land wird erstmals Sieger des FIFA Arab Cups. Algerien
36%
Ein erfolgreicher Militärputsch führt zur Suspendierung des Landes aus der Afrikanischen Union. Mali
32%
Oberst Mamady Doumbouya erklärt die Regierung für abgelöst. Guinea
23%
In diesem Land wird Yoweri Museveni zum 6. Mal in Folge zum Präsidenten gewählt. Uganda
23%
Die Tigray-Verteidigungskräfte erobern das UNESCO-Weltkulturerbe Lalibela. Äthiopien
18%
Bei den Terroranschlägen von Tchioma Bangou und Zaroumbey Darey kommen mehr als 100 Menschen ums Leben. Niger
18%
Nach einem Militärputsch wird Premierminister Abdalla Hamdok unter Hausarrest gestellt. Sudan
18%
Präsident Kais Saied übernimmt offiziell die Macht, suspendiert das Parlament und entlässt den Premierminister. Tunesien
14%
Nach 30 Jahren im Amt wird Präsident Idriss Déby im Kampf gegen Rebellen getötet. Tschad
9%
Ein schwerer Sturm verwüstet große Teile dieses Landes. Gambia
5%
Keine übereinstimmenden Quizze gefunden
Verteilung der Resultate
Anzahl Personen mit jedem Resultat
Perzentil nach korrekt beantworteten Fragen
Ihre Resultats-Entwicklung
Sie haben dieses Quiz noch nicht gespielt